000 01324nmc a2200457 a 4500
003 AR-BaBNM
005 20251128211824.0
008 156020s1991 ||||||||||||||000 | spa||
020 _a950-777-014-3
040 _cAR-BaBNM
245 1 0 _aPrivatizaciones
_breestructuración del estado y de la sociedad [del plan Pinedo a los Alsogaray]
260 _aBuenos Aires
_bEdiciones Letra Buena
_c1991
300 0 _a303 p.
490 0 _aTemas de economía
500 1 _aIncluye anexos, p. 221-303
610 1 4 _aFONDO MONETARIO INTERNACIONAL
610 1 4 _aBANCO MUNDIAL
610 1 4 _aBANCO INTERAMERICANO DE DESARROLLO
650 4 _aSOCIEDADES INDUSTRIALES
650 4 _aESTADO Y SOCIEDAD
650 4 _aEMPRESAS PUBLICAS
650 4 _aEMPRESAS PRIVADAS
650 4 _aECONOMIA NACIONAL
650 4 _aDEUDA EXTERNA
650 4 _aPLANIFICACION ECONOMICA
651 4 _aArgentina
653 0 _aPRIVATIZACIONES
700 1 _aBocco, Arnaldo M.
_eeditor
700 1 _aMinsburg, Naúm
_eeditor
700 1 _aAle, Ana
700 1 _aGosman, Eleonora
700 1 _aKeifman, Saúl
700 1 _aNaishtat, Silvia
700 1 _aNethe, Norma
700 1 _aPirker, Elizabeth
700 1 _aRepetto, Gastón
700 1 _aRojze, Adrián
700 1 _aSánchez, Miguel A.
942 _cBK
998 _cNancy
999 _c21261
_d21261